书目信息 |
| 书名: | The autobiography of Benjamin Franklin | |
| 作者: | ||
| 分册号: | ||
| 分册名: | 出版地: | New York : |
|
| 出版社: | Airmont Pub. Co., Inc | |
| 出版时间: | 1965. | |
| 页数: | 159 p. : | |
| 开本: | 20020930 | |
| 丛书名: | ||
| 中图分类号: | ||
| 科图分类号: | ||
| 其他分类号: | H319.4 | |
| 主题词: | ||
| 电子资源: | ||
| 000 | 00576nam 2200193 a 4500 | |
| 001 | E0738166493 | |
| 005 | 20070210104240.79 | |
| 008 | uu | |
| 040 | @aNLC | |
| 049 | @aN5LA | |
| 090 | @a2/K837.127/FBA/ 1965a////////*961987-8/2 cop. | |
| 090 | @aH319.4 | |
| 096 | @aK837.127 @v2 | |
| 099 | @dH319.4@ex483 | |
| 100 | 1 | @aFranklin, Benjamin. |
| 245 | 14 | @aThe autobiography of Benjamin Franklin |
| 260 | @aNew York :@bAirmont Pub. Co., Inc.,@c1965. | |
| 300 | @a159 p. :@b00 ;@c20020930@lNLC09@h2245@lNLC09@h2242@lNLC09@h1833 | |
| 852 | 9 | @bWWJC @cJ08S @k2 @hK837.127 @iFBA/1965a |
| The autobiography of Benjamin Franklin.-New York : : Airmont Pub. Co., Inc., , 1965. |
| 159 p. : : 00 ; ; 20020930 |
| ISBN |
| ● |
| 相关链接 |
|
|
|
|
正题名:autobiography of Benjamin Franklin
索取号:H319.4/x483
 
预约/预借
| 序号 | 登录号 | 条形码 | 馆藏地/架位号 | 状态 | 备注 |
| 1 | 67981 | 000446379 | 第四借阅区/ [索取号:H319.4/x483] | 在馆 | |
| 2 | 67982 | 000446262 | 第四借阅区/ [索取号:H319.4/x483] | 在馆 | |
| 3 | 67983 | 000446342 | 第四借阅区/ [索取号:H319.4/x483] | 在馆 | |
| 4 | 67984 | 000446226 | 第四借阅区/ [索取号:H319.4/x483] | 在馆 | |
| 5 | 67985 | 000446306 | 第四借阅区/ [索取号:H319.4/x483] | 在馆 |